| 000 | 00752nam a2200253Ia 4500 | ||
|---|---|---|---|
| 003 | OSt | ||
| 005 | 20220918105823.0 | ||
| 006 | a|||||r|||| 00| 0 | ||
| 007 | ta | ||
| 008 | 220915b |||||||| |||| 00| 0 ara d | ||
| 024 | _a231871 | ||
| 037 | _cReference Collections | ||
| 040 |
_aARTS _cARTS _bara |
||
| 041 |
_2ara _aara |
||
| 082 | _aP111:4k, 28N86(RR) | ||
| 100 |
_aKharma Nayef _94183 |
||
| 245 | 0 |
_aAl-misbah _b Students' dictionary English - English - Arabic |
|
| 260 |
_aHarlow _bLongman group limited _c1986 |
||
| 300 | _a438p. | ||
| 650 | _aARABIC LITERATURE | ||
| 700 |
_a Eyre Anthony _94184 |
||
| 942 |
_hP111:4k, 28N86(RR) _cREF |
||
| 999 |
_c109661 _d109661 |
||